• 首页
  • 本馆介绍
  • 公告通知
  • 最新文献
  • 馆藏检索
  • 电子资源
  • 读者导购
  • 参考咨询
  • 我的图书馆
  • 登录
  • 详细信息显示
  • 放入我的书架
  • 预约/预借图书
  • 作者相关作品
  • 分类相关作品
  • 丛书相关作品
  • 出版社相关作品

书目信息

  • 表格格式
  • 工作单格式
  • 卡片格式
题名:
安全好习惯
    
 
作者: 齐永胜 主编
分册:  
出版信息: 北京   中国盲文出版社  2012
页数: 1册
开本: 31cm
丛书名: 成就一生的好习惯
单 册:
中图分类: X925-49
科图分类:
主题词: 安全教育--少年读物--盲文
电子资源:
ISBN: 978-7-5002-3298-8
000 00858oam2 2200265 450
001 1540546221
005 20150202111605.84
010    @a978-7-5002-3298-8@dCNY20.00
100    @a20130808d2012 cdey0chiy0110 ea
101 0  @achi
102    @aCN@b110000
105    @ay z 000yy
200 1  @a安全好习惯@9an quan hao xi guan@f齐永胜主编
210    @a北京@c中国盲文出版社@d2012
215    @a1册@d31cm
225 2  @a成就一生的好习惯
300    @a国家彩票公益金资助
305    @a原由:青岛出版社,2007出版
330    @a本书从小处着手,对孩子进行生活方面的安全教育,包括:课间活动不打闹、不轻易给陌生人开门、不私自去河塘游泳、不迷恋电视和网络等。
461  0 @12001 @a成就一生的好习惯
606 0  @a安全教育@j少年读物@j盲文
690    @aX925-49@v5
701  0 @a齐永胜@9qi yong sheng@4主编
801  0 @aCN@bTSSF@c20150115
905    @aZUCC@dX925-49@eJY1
    
    安全好习惯/齐永胜主编.-北京:中国盲文出版社,2012
    1册;31cm.-(成就一生的好习惯)
    国家彩票公益金资助
    
    ISBN 978-7-5002-3298-8:CNY20.00
    本书从小处着手,对孩子进行生活方面的安全教育,包括:课间活动不打闹、不轻易给陌生人开门、不私自去河塘游泳、不迷恋电视和网络等。
●
相关链接 在E读中查询图书 在五车中查询图书 在当当中查询图书 在豆瓣中查询图书


正题名:安全好习惯     索取号:X925-49/JY1         预约/预借

序号 登录号 条形码 馆藏地/架位号 状态 备注
1 7865018   278650185   学院路分馆/ [索取号:X925-49/JY1] 在馆    
唐山师范学院图书馆 欢迎您!
大连网信软件有限公司© 版权所有